| 000 | 00530nam a2200217 a 4500 | ||
|---|---|---|---|
| 999 |
_c4014 _d4014 |
||
| 001 | 4014 | ||
| 003 | BD-JhCC | ||
| 005 | 20180306173407.0 | ||
| 008 | 171120s1942 enka|||| ||a| 000 0 eng d | ||
| 035 | _a(BD-JhCC)4014 | ||
| 040 |
_aBD-JhCC _dBD-JhCC |
||
| 041 | _aeng | ||
| 082 |
_2351.74 _aCAM 1942 |
||
| 100 | _aCAMPBELL, G. A. | ||
| 245 |
_aThe arm of the law / _cG. A. Campbell |
||
| 260 |
_aLONDON : _bOxford University Press, _c1942. |
||
| 300 |
_a93 p. : _c18 cm. |
||
| 650 | _aLAW | ||
| 942 |
_2ddc _cBK |
||